000 00338nam a2200133 i 4500
001 bg
100 1 _aHAWRYLUK, Janusz
245 0 _aMaszyna cyfrowa narzędzie człowieka współczesnego /
_cJanusz Hawryluk.
260 _aWarszawa,
_c1976.
040 _cBPK
041 _apol
942 _cKS
008 s pl f |000 0 pol
999 _c20174
_d20174
856 _uhttp://koha.tu.koszalin.pl/cgi-bin/koha/opac-detail.pl?biblionumber=20174
_yKatalog online BPK